Australia by Letter - N - Statistics

General Stats
  • This quiz has been taken 24 times
  • The average score is 7 of 10
Answer Stats
Hint Answer % Correct
Australia's most populous state New South Wales
95%
Long-running television soap set in Melbourne Neighbours
86%
What Australians call a diaper Nappy
82%
Australia's largest mainland territory Northern Territory
82%
___ Kelly, infamous bushranger Ned
73%
The 2nd-largest city in the above state Newcastle
64%
Small, stripy marsupial that eats termites Numbat
50%
Upmarket beach town on Queensland's Sunshine Coast Noosa
45%
Island territory in the Pacific Ocean with distinctive pine trees Norfolk Island
45%
Iconic 3-word line made famous by a Yellow Pages ad in 2000 Not happy, Jan!
32%
No matching quizzes found
Score Distribution
Percent of People with Each Score
Percentile by Number Answered
Your Score History
You have not taken this quiz